000 00532nam a22001817a 4500
999 _c167528
_d167528
005 20190906120005.0
010 _aENG-126446
020 _c125.00
_a978-93-88304-26-9
035 _aEN-109978
037 _bDBAD/PUB
082 _a881
100 _aSharma, Shashank
245 _aPoetic Howl /
_cBy Shashank Sharma
260 _aU.P
_bMaple Press
_c2018
270 _bNoida
_aBlock-c, sector-16
_e201301
_k+911204553581
_k4553583
_minfo@maplepress.co.in
300 _a91p.
_c19cm(pbk)
942 _2ddc
_cEN
_h881
_mSHA